[Event "Corfu Chess Festival 2009"]
[Site "Municipal Theatre of Kerkyra, "]
[Date "2009.09.05"]
[Round "1.1"]
[White "Derekas, Ioannis"]
[Black "Banikas, Hristos"]
[Result "0-1"]
[WhiteElo "1861"]
[BlackElo "2599"]
[PlyCount "58"]
[EventDate "2009.09.05"]
[EventRounds "9"]
[EventCountry "GRE"]

1. e4 c5 2. Nf3 e6 3. d4 cxd4 4. Nxd4 a6 5. Nc3 b5 6. Be3 Bb7 7. Bd3 Qc7 8. Qd2
Nf6 9. f3 b4 10. Nce2 d5 11. e5 Ne4 12. fxe4 dxe4 13. Bxa6 Bxa6 14. Bf4 Nd7 15.
Qe3 Bc5 16. Qg3 O-O 17. h4 Rfd8 18. c3 bxc3 19. bxc3 h5 20. Bg5 Re8 21. Bf4 Nf8
22. Ng1 Ng6 23. Nh3 Rab8 24. Nb3 Be7 25. Ng5 Qc4 26. Kf2 Rxb3 27. axb3 Bc5+ 28.
Be3 Qe2+ 29. Kg1 Bxe3+ 0-1

[Event "Corfu Chess Festival 2009"]
[Site "Municipal Theatre of Kerkyra, "]
[Date "2009.09.05"]
[Round "1.1"]
[White "Rotstein, Arkadij"]
[Black "Kumar, Shankar"]
[Result "1-0"]
[WhiteElo "2538"]
[BlackElo "1792"]
[PlyCount "45"]
[EventDate "2009.09.05"]
[EventRounds "9"]
[EventCountry "GRE"]

1. e4 c5 2. Nc3 d6 3. f4 Nc6 4. Nf3 g6 5. Bb5 Bd7 6. O-O Bg7 7. d3 Nf6 8. Bxc6
Bxc6 9. Qe1 O-O 10. Qh4 Qb6 11. Kh1 c4 12. f5 cxd3 13. cxd3 Rfe8 14. fxg6 fxg6
15. Ng5 h5 16. Ne6 Bd7 17. Nxg7 Kxg7 18. Qg5 Rh8 19. Nd5 Qd8 20. Be3 Nxd5 21.
exd5 Rc8 22. Bd4+ e5 23. dxe6+ 1-0

[Event "Corfu Chess Festival 2009"]
[Site "Municipal Theatre of Kerkyra, "]
[Date "2009.09.05"]
[Round "1.1"]
[White "Hreppas, Ilias"]
[Black "Romanishin, Oleg M"]
[Result "0-1"]
[WhiteElo "1784"]
[BlackElo "2515"]
[PlyCount "70"]
[EventDate "2009.09.05"]
[EventRounds "9"]
[EventCountry "GRE"]

1. d4 Nf6 2. Nf3 e6 3. Bg5 h6 4. Bxf6 Qxf6 5. e4 g6 6. Bd3 Bg7 7. Nbd2 d6 8. c3
Nd7 9. Nc4 e5 10. dxe5 dxe5 11. Ne3 c6 12. b4 Qe7 13. Qc2 Nf6 14. h3 O-O 15.
O-O Nh5 16. Kh2 Nf4 17. Bc4 Kh8 18. g4 Qf6 19. Be2 Nxe2 20. Qxe2 Qf4+ 21. Kg1
Qxe4 22. Nh2 Be6 23. Rfe1 Rad8 24. Red1 Bd5 25. f3 Qf4 26. Nxd5 cxd5 27. Rac1
e4 28. fxe4 dxe4 29. c4 Rd3 30. Rxd3 exd3 31. Qf1 Qg3+ 32. Kh1 d2 33. Rd1 Re8
34. Nf3 Bc3 35. Nxd2 Bxd2 0-1

[Event "Corfu Chess Festival 2009"]
[Site "Municipal Theatre of Kerkyra, "]
[Date "2009.09.05"]
[Round "1.1"]
[White "Karpatchev, Aleksandr"]
[Black "Tsolaki, Eleni"]
[Result "1-0"]
[WhiteElo "2477"]
[BlackElo "1700"]
[PlyCount "53"]
[EventDate "2009.09.05"]
[EventRounds "9"]
[EventCountry "GRE"]

1. e4 c5 2. c3 d5 3. exd5 Qxd5 4. d4 g6 5. Nf3 Bg7 6. Na3 cxd4 7. Nb5 Qe4+ 8.
Be2 Na6 9. Nbxd4 e5 10. Nb5 Qc6 11. O-O Nc7 12. Nd6+ Ke7 13. Bg5+ f6 14. Nxc8+
Rxc8 15. Nxe5 Qd5 16. Bf3 Qxd1 17. Raxd1 Ne6 18. Bh4 g5 19. Rd7+ Kf8 20. Bg4
fxe5 21. Bxe6 Bf6 22. Bg3 Rc6 23. Bb3 Rb6 24. Re1 Ke8 25. Rd2 Ne7 26. Bxe5 Rf8
27. Bc7 1-0

[Event "Corfu Chess Festival 2009"]
[Site "Municipal Theatre of Kerkyra, "]
[Date "2009.09.05"]
[Round "1.1"]
[White "Ioannidis, Evgenios"]
[Black "Skembris, Spyridon"]
[Result "0-1"]
[WhiteElo "1683"]
[BlackElo "2474"]
[PlyCount "112"]
[EventDate "2009.09.05"]
[EventRounds "9"]
[EventCountry "GRE"]

1. e4 c6 2. d4 g6 3. Nf3 Bg7 4. c4 d6 5. Be2 Bg4 6. Be3 Qb6 7. Qd2 Bxf3 8. Bxf3
c5 9. e5 Nc6 10. Bxc6+ Qxc6 11. exd6 Qxg2 12. Rf1 cxd4 13. Bxd4 Qe4+ 14. Be3
Rd8 15. c5 exd6 16. cxd6 Nh6 17. Nc3 Bxc3 18. Qxc3 O-O 19. Qd4 Qxd4 20. Bxd4
Rfe8+ 21. Be3 Nf5 22. Ke2 Rxd6 23. Rfd1 Rb6 24. b3 Re7 25. Kf3 Nxe3 26. fxe3
Rf6+ 27. Ke2 Rf5 28. Rd3 Rh5 29. Rh1 Rh3 30. Kf2 f5 31. Kg2 Rhxe3 32. Rxe3 Rxe3
33. Kf2 Rc3 34. Ra1 Kf7 35. Rd1 Rc2+ 36. Kg3 Ke7 37. Re1+ Kf6 38. Ra1 g5 39. h3
h5 40. Kf3 Rc3+ 41. Kg2 f4 42. Rf1 Rc2+ 43. Rf2 Rxf2+ 44. Kxf2 g4 45. hxg4 hxg4
46. Kg2 Ke5 47. Kf2 Kd4 48. Kg2 Ke3 49. Kf1 f3 50. a4 g3 51. Ke1 g2 52. Kd1 Kd3
53. Kc1 Kc3 54. Kb1 g1=Q+ 55. Ka2 Qc1 56. a5 Qb2# 0-1

[Event "Corfu Chess Festival 2009"]
[Site "Municipal Theatre of Kerkyra, "]
[Date "2009.09.05"]
[Round "1.1"]
[White "Morawietz, Dieter"]
[Black "Sigkounas, Alkis"]
[Result "1-0"]
[WhiteElo "2449"]
[BlackElo "1679"]
[PlyCount "107"]
[EventDate "2009.09.05"]
[EventRounds "9"]
[EventCountry "GRE"]

1. e4 c6 2. d4 d5 3. e5 Bf5 4. h4 h6 5. g4 Be4 6. f3 Bh7 7. Bd3 Bxd3 8. Qxd3 e6
9. h5 Nd7 10. Ne2 c5 11. c3 c4 12. Qc2 Ne7 13. Nd2 Nc6 14. f4 Be7 15. Nf3 Qc7
16. f5 exf5 17. gxf5 O-O-O 18. Rg1 Rhg8 19. Bf4 Qa5 20. Kf2 Rdf8 21. b3 Nb6 22.
f6 gxf6 23. exf6 Bxf6 24. b4 Qa3 25. Qf5+ Nd7 26. Qxd5 Rxg1 27. Rxg1 Qxa2 28.
Nd2 Bg5 29. Nxc4 Qc2 30. Nd6+ Kc7 31. Nb5+ Kc8 32. Bxg5 hxg5 33. Rxg5 a6 34.
Nd6+ Kc7 35. Qf5 Qxf5+ 36. Nxf5 Nf6 37. Kf3 Nd8 38. Ne3 Ne6 39. Rf5 Ne8 40. Nf4
Nxf4 41. Rxf4 Nd6 42. c4 Kd7 43. c5 Nb5 44. d5 Ke7 45. Nf5+ Kf6 46. Nd6+ Kg5
47. Rf5+ Kh6 48. Nxb5 axb5 49. c6 bxc6 50. dxc6 Rc8 51. Rc5 Kg7 52. c7 Kf6 53.
Kf4 Kg7 54. Ke5 1-0

[Event "Corfu Chess Festival 2009"]
[Site "Municipal Theatre of Kerkyra, "]
[Date "2009.09.05"]
[Round "1.1"]
[White "Amiridou, Dimitra"]
[Black "Gazis, Efstathios"]
[Result "0-1"]
[WhiteElo "1625"]
[BlackElo "2295"]
[PlyCount "52"]
[EventDate "2009.09.05"]
[EventRounds "9"]
[EventCountry "GRE"]

1. e4 e6 2. d4 d5 3. Nc3 Bb4 4. e5 c5 5. f4 cxd4 6. Qxd4 Nc6 7. Bb5 Ba5 8. Nf3
Nh6 9. Qd3 Bd7 10. Be3 Nf5 11. Bc5 Nb4 12. Bxb4 Bxb4 13. O-O-O Rc8 14. Ne2 Bc5
15. Ned4 Nxd4 16. Nxd4 O-O 17. Bxd7 Qxd7 18. Nf3 Qa4 19. g3 Qxa2 20. Ng5 g6 21.
f5 Qa1+ 22. Kd2 Qxb2 23. Rc1 Bb4+ 24. Ke2 Qxe5+ 25. Kd1 Rc3 26. Qb5 Qd4+ 0-1

[Event "Corfu Chess Festival 2009"]
[Site "Municipal Theatre of Kerkyra, "]
[Date "2009.09.05"]
[Round "1.1"]
[White "Simeonidis, Ioannis"]
[Black "Drakaki, Anna-Maria"]
[Result "1-0"]
[WhiteElo "2260"]
[BlackElo "1616"]
[PlyCount "103"]
[EventDate "2009.09.05"]
[EventRounds "9"]
[EventCountry "GRE"]

1. e4 c5 2. Nf3 Nc6 3. d4 cxd4 4. Nxd4 g6 5. c4 Nf6 6. Nc3 Nxd4 7. Qxd4 Bg7 8.
e5 Ng8 9. Bf4 d6 10. O-O-O Bg4 11. f3 dxe5 12. Bxe5 Qxd4 13. Bxd4 Bxd4 14. Rxd4
Be6 15. Nb5 Rc8 16. Nxa7 Ra8 17. Nb5 Rxa2 18. Kb1 Ra5 19. Nc7+ Kf8 20. Rd8+ Kg7
21. Nxe6+ fxe6 22. Rd7 Ra7 23. Be2 Kf7 24. Rd8 Kg7 25. Rhd1 Nf6 26. Rxh8 Kxh8
27. Kc2 Ra8 28. Kb3 Kg7 29. Kb4 Ra6 30. Rd8 Rd6 31. Rxd6 exd6 32. Kb5 Nd7 33.
f4 Kf6 34. Bf3 b6 35. b4 e5 36. fxe5+ Nxe5 37. Be2 Nd7 38. Kc6 Ke7 39. Kc7 h6
40. b5 h5 41. Bf3 Ke6 42. Bc6 Ne5 43. Bd5+ Ke7 44. Kxb6 Nd7+ 45. Kc7 Nc5 46. b6
Na6+ 47. Kb7 Nc5+ 48. Kc8 Kf6 49. b7 Nxb7 50. Kxb7 g5 51. Kc7 Ke5 52. Kd7 1-0

[Event "Corfu Chess Festival 2009"]
[Site "Municipal Theatre of Kerkyra, "]
[Date "2009.09.05"]
[Round "1.1"]
[White "Xilogiannis, Dimitrios"]
[Black "Delithanasis, Dimitrios"]
[Result "0-1"]
[WhiteElo "1590"]
[BlackElo "2244"]
[PlyCount "98"]
[EventDate "2009.09.05"]
[EventRounds "9"]
[EventCountry "GRE"]

1. d4 d5 2. c4 c6 3. Nf3 e6 4. Nc3 dxc4 5. e4 b5 6. Qc2 Bb4 7. a4 Bb7 8. Be2
Nd7 9. O-O a6 10. Be3 Ngf6 11. h3 h6 12. Rad1 O-O 13. e5 Nd5 14. Nxd5 cxd5 15.
Nh2 f5 16. exf6 Nxf6 17. Ng4 Nxg4 18. Bxg4 Qf6 19. f4 g6 20. axb5 axb5 21. Qf2
Kh7 22. Qg3 h5 23. Bf3 Bd6 24. Be2 Ra2 25. Rd2 Bb4 26. Rc2 Qf5 27. Rfc1 Bd6 28.
Qg5 Qxg5 29. fxg5 b4 30. Rb1 b3 31. Rcc1 e5 32. h4 exd4 33. Bxd4 Bg3 34. Rf1
Raa8 35. Rxf8 Rxf8 36. Rf1 Rxf1+ 37. Kxf1 Bxh4 38. Bf6 Bg3 39. Bf3 Kg8 40. Ke2
Kf7 41. Ke3 Ke6 42. Kd4 Bf2+ 43. Kc3 Bc5 44. Bd8 Bd6 45. Bf6 Be5+ 46. Bxe5 Kxe5
47. Kd2 Kf4 48. Kc3 h4 49. Kd4 h3 0-1

[Event "Corfu Chess Festival 2009"]
[Site "Municipal Theatre of Kerkyra, "]
[Date "2009.09.05"]
[Round "1.1"]
[White "Trifonas, Spyridon"]
[Black "Kourouklis, Efthymios-Nektarios"]
[Result "1-0"]
[WhiteElo "2225"]
[BlackElo "1537"]
[PlyCount "89"]
[EventDate "2009.09.05"]
[EventRounds "9"]
[EventCountry "GRE"]

1. e4 c6 2. d4 d5 3. Nc3 dxe4 4. Nxe4 Bf5 5. Ng3 Bg6 6. h4 h6 7. N1e2 e6 8. Nf4
Bh7 9. h5 Nf6 10. Bc4 Be7 11. O-O Nbd7 12. Qe2 Nd5 13. Re1 N7f6 14. c3 Qd6 15.
Qf3 O-O-O 16. a4 g5 17. hxg6 Bxg6 18. Nxg6 fxg6 19. Ne4 Nxe4 20. Qxe4 e5 21.
dxe5 Qe6 22. Be3 Kb8 23. Red1 Rd7 24. Bxd5 Rxd5 25. Rxd5 cxd5 26. Qd4 b6 27.
Rd1 Rd8 28. b4 Rd7 29. c4 Bxb4 30. cxd5 Bc5 31. Qe4 Qf5 32. Qxf5 gxf5 33. Bxh6
Kc7 34. Bf4 Bf8 35. e6+ Rd6 36. Rc1+ Kd8 37. Bxd6 Bxd6 38. Rc6 Ke7 39. Kf1 Be5
40. Ke2 Bd6 41. Kd3 Be5 42. Kc4 Bd6 43. Kb5 Be5 44. Ka6 Bd4 45. f3 1-0

[Event "Corfu Chess Festival 2009"]
[Site "Municipal Theatre of Kerkyra, "]
[Date "2009.09.06"]
[Round "2.1"]
[White "Banikas, Hristos"]
[Black "Meertens, Martin"]
[Result "1-0"]
[WhiteElo "2599"]
[BlackElo "2132"]
[PlyCount "87"]
[EventDate "2009.09.05"]
[EventRounds "9"]
[EventCountry "GRE"]

1. c4 c6 2. Nf3 d5 3. e3 Nf6 4. Nc3 a6 5. Qc2 g6 6. d4 Bg7 7. Bd3 O-O 8. O-O
dxc4 9. Bxc4 b5 10. Be2 Nfd7 11. Rd1 Qc7 12. a4 Qb7 13. Ne4 Nf6 14. Nc5 Qb6 15.
e4 Nbd7 16. axb5 cxb5 17. b4 Qb8 18. Bg5 Re8 19. d5 Ng4 20. Rac1 Nde5 21. g3 a5
22. bxa5 Rxa5 23. Nd4 b4 24. Ncb3 Ra7 25. Bf4 Qa8 26. Ra1 h5 27. Qc5 Rxa1 28.
Rxa1 Qb7 29. Ra7 Nd7 30. Qa5 Qb6 31. Qxb6 Nxb6 32. Bb5 Rf8 33. Rxe7 Bf6 34. Rc7
Bd8 35. Rc1 Bd7 36. f3 Nf6 37. Bd6 Re8 38. Bxb4 Bxb5 39. Nxb5 Nbd7 40. Kg2 Bb6
41. Nd6 Ra8 42. Rc8+ Rxc8 43. Nxc8 Bc7 44. Ne7+ 1-0

[Event "Corfu Chess Festival 2009"]
[Site "Municipal Theatre of Kerkyra, "]
[Date "2009.09.06"]
[Round "2.1"]
[White "Nathanail, Emanouel"]
[Black "Rotstein, Arkadij"]
[Result "0-1"]
[WhiteElo "2093"]
[BlackElo "2538"]
[PlyCount "50"]
[EventDate "2009.09.05"]
[EventRounds "9"]
[EventCountry "GRE"]

1. e4 c5 2. Nc3 Nc6 3. g3 g6 4. Bg2 Bg7 5. d3 d6 6. Be3 Rb8 7. Qd2 b5 8. Nge2
Nd4 9. O-O b4 10. Nd1 h5 11. h4 Nh6 12. f3 Bd7 13. Nc1 Qa5 14. Nf2 Qa4 15. Nb3
a5 16. e5 Nhf5 17. exd6 exd6 18. Bf4 O-O 19. Ne4 Rb6 20. g4 Nxh4 21. Bxd6 Rxd6
22. Nxd6 Qc6 23. Ne4 f5 24. c3 fxe4 25. cxd4 exf3 0-1

[Event "Corfu Chess Festival 2009"]
[Site "Municipal Theatre of Kerkyra, "]
[Date "2009.09.06"]
[Round "2.1"]
[White "Romanishin, Oleg M"]
[Black "Meyner, Hannes"]
[Result "1-0"]
[WhiteElo "2515"]
[BlackElo "2114"]
[PlyCount "61"]
[EventDate "2009.09.05"]
[EventRounds "9"]
[EventCountry "GRE"]

1. Nf3 Nf6 2. g3 b5 3. Bg2 Bb7 4. O-O e6 5. d3 d5 6. c4 dxc4 7. dxc4 Qxd1 8.
Rxd1 b4 9. Bf4 Nbd7 10. Bxc7 Bxf3 11. Bxf3 Rc8 12. Bf4 e5 13. Bg5 Rxc4 14. Nd2
Rc7 15. Rac1 Rxc1 16. Rxc1 Nc5 17. Be3 Nfd7 18. Nb3 Nxb3 19. Rc8+ Ke7 20. axb3
g6 21. Rc7 Kd6 22. Rc6+ Ke7 23. Ra6 Bg7 24. Rxa7 Rc8 25. Bd2 Rb8 26. Bc6 Rd8
27. Bxb4+ Ke6 28. e4 Nb6 29. Rb7 Rd1+ 30. Kg2 Nd7 31. Bd5+ 1-0

[Event "Corfu Chess Festival 2009"]
[Site "Municipal Theatre of Kerkyra, "]
[Date "2009.09.06"]
[Round "2.1"]
[White "Grapsa, Georgia"]
[Black "Karpatchev, Aleksandr"]
[Result "0-1"]
[WhiteElo "2050"]
[BlackElo "2477"]
[PlyCount "96"]
[EventDate "2009.09.05"]
[EventRounds "9"]
[EventCountry "GRE"]

1. d4 Nc6 2. Nf3 d5 3. g3 Bg4 4. Bg2 e6 5. O-O Bd6 6. c4 Nf6 7. Nc3 O-O 8. h3
Bh5 9. c5 Be7 10. Bf4 Ne4 11. Rc1 g5 12. Be3 f5 13. g4 fxg4 14. hxg4 Nxc3 15.
Rxc3 Bxg4 16. Qd2 h6 17. b4 a6 18. Rb3 Qe8 19. Nh2 Bf5 20. Kh1 Rf7 21. f3 Rg7
22. Bf2 Rd8 23. a4 Na7 24. b5 axb5 25. Qa5 Nc6 26. Qxb5 Ra8 27. e4 Bh7 28. Bh3
Bf8 29. Ng4 Rf7 30. exd5 exd5 31. Re1 Qd8 32. Ne5 Nxe5 33. dxe5 c6 34. Qb4 Re7
35. f4 Be4+ 36. Kh2 Bg7 37. e6 Qc7 38. Kg1 Qxf4 39. Bg3 Qf6 40. Rf1 Qd4+ 41.
Kh2 Rxa4 42. Qxd4 Bxd4 43. Bd6 Ra2+ 44. Kg3 h5 45. Rb4 Bg7 46. Rf3 h4+ 47. Kg4
Rxe6 48. Kxg5 Rg6+ 0-1

[Event "Corfu Chess Festival 2009"]
[Site "Municipal Theatre of Kerkyra, "]
[Date "2009.09.06"]
[Round "2.1"]
[White "Skembris, Spyridon"]
[Black "Agistriotis, Mihail"]
[Result "1-0"]
[WhiteElo "2474"]
[BlackElo "2063"]
[PlyCount "59"]
[EventDate "2009.09.05"]
[EventRounds "9"]
[EventCountry "GRE"]

1. c4 c6 2. e4 d5 3. exd5 cxd5 4. d4 Nf6 5. Nc3 e6 6. Nf3 Nc6 7. cxd5 Nxd5 8.
Bd3 Be7 9. O-O O-O 10. a3 a6 11. Re1 b5 12. Nxd5 Qxd5 13. Be4 Qd6 14. Qc2 Bb7
15. Bxh7+ Kh8 16. Be4 Rac8 17. Qe2 Bf6 18. Bg5 Qe7 19. Bxf6 Qxf6 20. Ne5 g6 21.
Nd7 Qxd4 22. Nxf8 Rxf8 23. Rac1 Na5 24. Bxb7 Nxb7 25. Red1 Qf6 26. Rc6 Na5 27.
Rxa6 Nc4 28. b3 Ne5 29. h3 Qf5 30. Rb6 1-0

[Event "Corfu Chess Festival 2009"]
[Site "Municipal Theatre of Kerkyra, "]
[Date "2009.09.06"]
[Round "2.1"]
[White "Pappas, Mihail"]
[Black "Morawietz, Dieter"]
[Result "0-1"]
[WhiteElo "1964"]
[BlackElo "2449"]
[PlyCount "62"]
[EventDate "2009.09.05"]
[EventRounds "9"]
[EventCountry "GRE"]

1. e4 c5 2. Nf3 e6 3. d4 cxd4 4. Nxd4 Nc6 5. Be3 Nf6 6. Nc3 Bb4 7. Bd3 d5 8.
exd5 Nxd5 9. Nxc6 bxc6 10. Bd2 Nxc3 11. bxc3 Bd6 12. O-O O-O 13. f4 Qc7 14. c4
f5 15. Rf3 e5 16. fxe5 Bxe5 17. Rb1 f4 18. h3 Bd7 19. Kh1 Rae8 20. c5 Be6 21.
c4 Rf6 22. Qc2 Rh6 23. Re1 Rf8 24. Qc1 g5 25. Ref1 Bg4 26. Be4 Bxf3 27. Bxf3
Qd7 28. Be1 Rxh3+ 29. gxh3 Qxh3+ 30. Kg1 Bd4+ 31. Bf2 Qg3+ 0-1

[Event "Corfu Chess Festival 2009"]
[Site "Municipal Theatre of Kerkyra, "]
[Date "2009.09.06"]
[Round "2.1"]
[White "Gazis, Efstathios"]
[Black "Tsintsar, Zoran"]
[Result "1-0"]
[WhiteElo "2295"]
[BlackElo "1973"]
[PlyCount "91"]
[EventDate "2009.09.05"]
[EventRounds "9"]
[EventCountry "GRE"]

1. e4 c5 2. Nf3 Nc6 3. d4 cxd4 4. Nxd4 e5 5. Nb5 d6 6. c4 Be7 7. N1c3 a6 8. Na3
f5 9. exf5 Bxf5 10. Bd3 Bxd3 11. Qxd3 Nb4 12. Qd1 Nf6 13. O-O O-O 14. Bg5 Rc8
15. Qb3 Nd3 16. Bxf6 Bxf6 17. Qxb7 Kh8 18. Rad1 Nf4 19. Qe4 Qb6 20. b3 Qb4 21.
Nab1 Bd8 22. g3 Nh3+ 23. Kg2 Ng5 24. Qg4 Qb7+ 25. Nd5 g6 26. f4 h5 27. Qe2 exf4
28. gxf4 Nh7 29. Nbc3 Ba5 30. Ne4 Rce8 31. Qb2+ Qg7 32. Qxg7+ Kxg7 33. Nxd6
Re2+ 34. Rf2 Rxf2+ 35. Kxf2 Rd8 36. c5 Nf6 37. Nxf6 Kxf6 38. Ne4+ Kf5 39. Rxd8
Bxd8 40. Kf3 Bc7 41. Ng3+ Ke6 42. Ke4 h4 43. Ne2 g5 44. fxg5 Bxh2 45. Nf4+ Kf7
46. c6 1-0

[Event "Corfu Chess Festival 2009"]
[Site "Municipal Theatre of Kerkyra, "]
[Date "2009.09.06"]
[Round "2.1"]
[White "Hoffmann, Ekkehard"]
[Black "Simeonidis, Ioannis"]
[Result "0-1"]
[WhiteElo "1921"]
[BlackElo "2260"]
[PlyCount "88"]
[EventDate "2009.09.05"]
[EventRounds "9"]
[EventCountry "GRE"]

1. e4 c6 2. Nc3 d5 3. d3 e5 4. g3 Bb4 5. Bd2 d4 6. Nce2 Bxd2+ 7. Qxd2 c5 8. f4
Nc6 9. Nf3 Nge7 10. Nxe5 Nxe5 11. fxe5 Ng6 12. Bg2 Nxe5 13. h3 O-O 14. O-O Qb6
15. Rab1 Be6 16. b3 Bd7 17. Nf4 Qh6 18. Rf2 Rae8 19. Rbf1 b6 20. Qe2 Kh8 21.
Qh5 Qxh5 22. Nxh5 b5 23. Nf4 a5 24. Kh2 Ra8 25. Nd5 Rfb8 26. Bf3 h6 27. Bh5 f6
28. Rf4 a4 29. Ne7 axb3 30. axb3 Ra2 31. R4f2 Kh7 32. Nd5 Rb7 33. Nf4 Rba7 34.
Kg2 Rb2 35. Nd5 Raa2 36. Bd1 Bc6 37. Nc7 Bd7 38. Nd5 f5 39. Kg1 fxe4 40. dxe4
Bxh3 41. Re1 Nd3 42. Ree2 Nxf2 43. Rxf2 Ra1 44. Rd2 Bg4 0-1

[Event "Corfu Chess Festival 2009"]
[Site "Municipal Theatre of Kerkyra, "]
[Date "2009.09.06"]
[Round "2.1"]
[White "Delithanasis, Dimitrios"]
[Black "Georgiadis, Alexandros"]
[Result "1-0"]
[WhiteElo "2244"]
[BlackElo "1940"]
[PlyCount "79"]
[EventDate "2009.09.05"]
[EventRounds "9"]
[EventCountry "GRE"]

1. Nf3 d5 2. g3 Nf6 3. Bg2 g6 4. b3 Bg7 5. Bb2 O-O 6. c4 c6 7. O-O Nbd7 8. d3
Re8 9. Qc2 e5 10. cxd5 Nxd5 11. a3 a5 12. Nbd2 Qe7 13. Rac1 f6 14. Qb1 Bh6 15.
Rc2 N5b6 16. Rfc1 Nf8 17. e3 Be6 18. d4 exd4 19. Bxd4 Nbd7 20. Qb2 Bf7 21. Bc3
Bg7 22. Ng5 Ne6 23. Nxf7 Qxf7 24. Ne4 Qe7 25. b4 f5 26. Bxg7 Nxg7 27. Nc5 Nxc5
28. Rxc5 axb4 29. axb4 Ne6 30. Re5 Ra4 31. Rb1 Rea8 32. b5 Qd6 33. bxc6 bxc6
34. f4 R4a5 35. Rxa5 Rxa5 36. Qf6 Ra8 37. Rb7 Rf8 38. Rg7+ Kh8 39. Rf7+ Kg8 40.
Rxf8+ 1-0

[Event "Corfu Chess Festival 2009"]
[Site "Municipal Theatre of Kerkyra, "]
[Date "2009.09.06"]
[Round "2.1"]
[White "Kourkoulos-Arditis, Stamatis"]
[Black "Trifonas, Spyridon"]
[Result "1-0"]
[WhiteElo "1869"]
[BlackElo "2225"]
[PlyCount "127"]
[EventDate "2009.09.05"]
[EventRounds "9"]
[EventCountry "GRE"]

1. e4 d5 2. exd5 Nf6 3. d4 Nxd5 4. c4 Nf6 5. Nc3 e5 6. dxe5 Qxd1+ 7. Nxd1 Bb4+
8. Bd2 Bxd2+ 9. Kxd2 Ng4 10. f4 O-O 11. Nf3 Rd8+ 12. Ke1 Nc6 13. h3 Nh6 14. g4
Nd4 15. Kf2 Nxf3 16. Kxf3 b6 17. Ke3 Bb7 18. Rg1 Rd7 19. Bd3 Rad8 20. Nf2 Kh8
21. Rad1 Re7 22. g5 Ng8 23. Rg4 h6 24. Rh4 f6 25. Ng4 fxg5 26. fxg5 Bc8 27.
gxh6 g5 28. Rh5 Bxg4 29. hxg4 Rxe5+ 30. Kf3 Nf6 31. Rhh1 Rde8 32. Rd2 Re3+ 33.
Kg2 Nxg4 34. Bg6 Re2+ 35. Rxe2 Rxe2+ 36. Kf3 Re6 37. Kxg4 Rxg6 38. Rd1 Rc6 39.
b3 Kh7 40. Kxg5 Rg6+ 41. Kf5 Kxh6 42. Rd7 Rc6 43. Ke5 Kg6 44. Kd5 Rc5+ 45. Kd4
a5 46. a3 Kf6 47. b4 axb4 48. axb4 Ke6 49. Rh7 Rc6 50. c5 bxc5+ 51. bxc5 Kf5
52. Kd5 Rg6 53. Rxc7 Rg1 54. Kd6 Rd1+ 55. Kc6 Ke6 56. Rh7 Rd2 57. Kc7 Rd1 58.
c6 Rd2 59. Kc8 Rc2 60. c7 Rc1 61. Rh6+ Ke7 62. Rb6 Rc2 63. Kb8 Kd7 64. Rb7 1-0

[Event "Corfu Chess Festival 2009"]
[Site "Municipal Theatre of Kerkyra, "]
[Date "2009.09.07"]
[Round "3.1"]
[White "Rotstein, Arkadij"]
[Black "Delithanasis, Dimitrios"]
[Result "1-0"]
[WhiteElo "2538"]
[BlackElo "2244"]
[PlyCount "91"]
[EventDate "2009.09.05"]
[EventRounds "9"]
[EventCountry "GRE"]

1. d4 e6 2. c4 f5 3. Nf3 Nf6 4. g3 d5 5. Bg2 Bd6 6. O-O c6 7. b3 Qe7 8. Bb2 O-O
9. Qc1 b5 10. Ba3 Bb7 11. Bxd6 Qxd6 12. Qa3 Qxa3 13. Nxa3 a6 14. Rfc1 Nbd7 15.
cxd5 exd5 16. Nc2 a5 17. Nce1 a4 18. b4 Rfe8 19. e3 Ne4 20. Nd3 Nd6 21. Bh3 g6
22. g4 Rf8 23. gxf5 Nxf5 24. Nfe5 Nxe5 25. Nxe5 Rf6 26. Bxf5 gxf5 27. f4 Kh8
28. Kf2 Rg8 29. Rg1 h6 30. a3 Rg7 31. h4 Bc8 32. h5 Rxg1 33. Rxg1 Kh7 34. Rg6
Rxg6 35. hxg6+ Kg7 36. Kg3 h5 37. Kh4 Kh6 38. g7 Kxg7 39. Kxh5 Kf6 40. Nxc6 Be6
41. Ne5 Bg8 42. Kh6 Be6 43. Nf3 Bf7 44. Nh2 Be6 45. Nf1 Bf7 46. Ng3 1-0

[Event "Corfu Chess Festival 2009"]
[Site "Municipal Theatre of Kerkyra, "]
[Date "2009.09.07"]
[Round "3.1"]
[White "Stiri, Alexandra"]
[Black "Romanishin, Oleg M"]
[Result "0-1"]
[WhiteElo "2198"]
[BlackElo "2515"]
[PlyCount "84"]
[EventDate "2009.09.05"]
[EventRounds "9"]
[EventCountry "GRE"]

1. e4 c5 2. Nf3 g6 3. d4 Bg7 4. dxc5 Qa5+ 5. c3 Qxc5 6. Na3 Qa5 7. Be3 Nc6 8.
Nc4 Qc7 9. a4 Nf6 10. e5 Ng4 11. Bd4 O-O 12. Qe2 f6 13. exf6 Nxd4 14. Nxd4 Nxf6
15. Nb5 Qb8 16. Qe5 d6 17. Qg5 d5 18. Ne3 e5 19. O-O-O a6 20. Na3 Be6 21. f3
Qc7 22. Nac2 Rad8 23. Kb1 Nh5 24. Ng4 Nf4 25. g3 Rf5 26. Qh4 Rh5 27. Nf6+ Bxf6
28. Qxf6 Rf8 29. Qxf8+ Kxf8 30. gxf4 exf4 31. Nd4 Bf7 32. Bd3 Re5 33. Rhg1 Qe7
34. Kc2 Re3 35. Rg4 Qd7 36. Rxf4 Qxa4+ 37. Kc1 Qd7 38. Nc2 Re5 39. Rd4 Qh3 40.
f4 Rh5 41. Be2 Rh6 42. Ne1 Qe3+ 0-1

[Event "Corfu Chess Festival 2009"]
[Site "Municipal Theatre of Kerkyra, "]
[Date "2009.09.07"]
[Round "3.1"]
[White "Karpatchev, Aleksandr"]
[Black "Pountzas, Hrisanthos"]
[Result "1-0"]
[WhiteElo "2477"]
[BlackElo "2168"]
[PlyCount "53"]
[EventDate "2009.09.05"]
[EventRounds "9"]
[EventCountry "GRE"]

1. e4 Nf6 2. e5 Nd5 3. d4 d6 4. c4 Nb6 5. f4 dxe5 6. fxe5 Nc6 7. Be3 Bf5 8. Nc3
e6 9. Nf3 Be7 10. d5 exd5 11. cxd5 Nb4 12. Nd4 Bd7 13. e6 fxe6 14. dxe6 Bc6 15.
a3 Bh4+ 16. g3 Bxh1 17. axb4 Bf6 18. Qg4 Nd5 19. Bb5+ Kf8 20. Nxd5 Qxd5 21. Nf5
Bf3 22. Qf4 Qxb5 23. Bc5+ Ke8 24. Qxf3 Qc6 25. Nxg7+ Bxg7 26. Qf7+ Kd8 27.
O-O-O+ 1-0

[Event "Corfu Chess Festival 2009"]
[Site "Municipal Theatre of Kerkyra, "]
[Date "2009.09.07"]
[Round "3.1"]
[White "Skiadopoulos, Nikolaos"]
[Black "Skembris, Spyridon"]
[Result "1/2-1/2"]
[WhiteElo "2137"]
[BlackElo "2474"]
[PlyCount "65"]
[EventDate "2009.09.05"]
[EventRounds "9"]
[EventCountry "GRE"]

1. e4 c5 2. c3 g6 3. d4 cxd4 4. cxd4 d5 5. exd5 Nf6 6. Qa4+ Nbd7 7. Nc3 Bg7 8.
Be2 O-O 9. h4 Nb6 10. Qa3 Nfxd5 11. h5 Qd6 12. Nxd5 Qxa3 13. bxa3 Nxd5 14. hxg6
hxg6 15. Bh6 Bxd4 16. O-O-O e5 17. Bxf8 Kxf8 18. Rh8+ Kg7 19. Rxd4 exd4 20. Rd8
Nc7 21. Bf3 Ne6 22. Re8 Nc7 23. Rd8 Be6 24. Rxa8 Nxa8 25. Bxb7 Nc7 26. Nf3 d3
27. Ne5 Bxa2 28. Nxd3 Kf6 29. Kd2 Bc4 30. Nb4 Bb5 31. Nd5+ Nxd5 32. Bxd5 Ke7
33. Kc3 1/2-1/2

[Event "Corfu Chess Festival 2009"]
[Site "Municipal Theatre of Kerkyra, "]
[Date "2009.09.07"]
[Round "3.1"]
[White "Morawietz, Dieter"]
[Black "Kourkoulos-Arditis, Stamatis"]
[Result "1-0"]
[WhiteElo "2449"]
[BlackElo "1869"]
[PlyCount "67"]
[EventDate "2009.09.05"]
[EventRounds "9"]
[EventCountry "GRE"]

1. e4 c5 2. Nf3 e6 3. Nc3 d6 4. d4 cxd4 5. Nxd4 Nf6 6. Be2 Be7 7. O-O O-O 8. f4
a6 9. Kh1 Qc7 10. a4 Nc6 11. Be3 b6 12. Nxc6 Qxc6 13. e5 Bb7 14. Bf3 Nd5 15.
Nxd5 exd5 16. c4 dxe5 17. cxd5 Qd6 18. fxe5 Qxe5 19. Bxb6 Bd6 20. g3 Rab8 21.
Bd4 Qg5 22. Bc3 Rfd8 23. Qc1 Qf5 24. Bg2 Qh5 25. Qd1 Qh6 26. Qg4 Qg6 27. Qxg6
hxg6 28. Rfe1 f5 29. Re6 Kf7 30. Rae1 Bf8 31. h3 Rxd5 32. Rb6 Rb5 33. Rxb7+
R5xb7 34. Bd5# 1-0